000 01033nam2a22002411 4500
001 v19\rc\1487767
005 20250618154607.0
035 _a(NLR Aleph) 004618187
090 _a3004999
_c3004999
100 _a20060620d1880 |||y0rusy50 ca
101 1 _arus
_cger
102 _aRU
105 _aa z |||||
200 0 _aЧ. 1
215 _aVI, 109 с., 1 л. цв. ил.
461 0 _1001v19\rc\1487766
_12001#$aРобинзон младший$eКн. для детей$eВ 2 ч.$fСоч. И.Г. Кампе$gПер. под ред. Н.Х. Весселя. Ч. 1-2$vЧ. 1
_1700#1$aКампе$bИ.Г.$f1746-1818$gИоахим Генрих
_93004990
_aКампе, И. Г. (1746-1818)
_cСанкт-Петербург
_d1880
_fСоч. И.Г. Кампе
_nД.Ф. Федоров
_oКн. для детей : В 2 ч.
_p2 т.
_tРобинзон младший
_vЧ. 1
801 0 _aRU
_bNLR
_gpsbo
801 0 _aRU
_bRuMoRGB
_2psbo
801 1 _aRU
_bProSoft-M
_2rusmarc
852 _aNLR
_j18.138.5.58
899 _aRuMoRGB
_jМК
942 _cBOOK
980 _aNB